000 00425cam a2200181 4500
001 D5671
008 090401t1984 xxu||||| |||| 00| 0 eng d
035 _a(Sirsi) u63573
041 _aeng
050 _a620
100 _aHorgan, M.O`C.
245 _aCompetitive tendering for engineering contracts
260 _aLondon
_bSpon
_c1984
300 _axiv. 255p. 24cm
350 _a16.5
942 _n0
948 _c04/03/1997
999 _c94581
_d94581